{"text_format":"3","workbook":"xlsx","n_sheets":3,"sheets":["03 工程项目招标控制价","05 分部分项工程量清单与计价表(设备及安装)","15 工程单价费(税)率汇总表"],"read":"whole","date_system":"1900"}

{"sheet":"03 工程项目招标控制价","index":0,"n_rows":37,"n_cols":11,"rows_kept":37,"merged":[[0,0,0,11],[1,0,1,1],[1,3,1,11],[2,1,2,3],[2,4,2,6],[2,7,2,11],[3,1,3,3],[3,4,3,6],[3,7,3,11],[4,1,4,3],[4,4,4,6],[4,7,4,11],[5,1,5,3],[5,4,5,6],[5,7,5,11],[6,1,6,3],[6,4,6,6],[6,7,6,11],[7,1,7,3],[7,4,7,6],[7,7,7,11],[8,1,8,3],[8,4,8,6],[8,7,8,11],[9,1,9,3],[9,4,9,6],[9,7,9,11],[10,1,10,3],[10,4,10,6],[10,7,10,11],[11,1,11,3],[11,4,11,6],[11,7,11,11],[12,1,12,3],[12,4,12,6],[12,7,12,11],[13,1,13,3],[13,4,13,6],[13,7,13,11],[14,1,14,3],[14,4,14,6],[14,7,14,11],[15,1,15,3],[15,4,15,6],[15,7,15,11],[16,1,16,3],[16,4,16,6],[16,7,16,11],[17,1,17,3],[17,4,17,6],[17,7,17,11],[18,1,18,3],[18,4,18,6],[18,7,18,11],[19,1,19,3],[19,4,19,6],[19,7,19,11],[20,1,20,3],[20,4,20,6],[20,7,20,11],[21,1,21,3],[21,4,21,6],[21,7,21,11],[22,1,22,3],[22,4,22,6],[22,7,22,11],[23,1,23,3],[23,4,23,6],[23,7,23,11],[24,1,24,3],[24,4,24,6],[24,7,24,11],[25,1,25,3],[25,4,25,6],[25,7,25,11],[26,1,26,3],[26,4,26,6],[26,7,26,11],[27,1,27,3],[27,4,27,6],[27,7,27,11],[28,1,28,3],[28,4,28,6],[28,7,28,11],[29,1,29,3],[29,4,29,6],[29,7,29,11],[30,1,30,3],[30,4,30,6],[30,7,30,11],[31,1,31,3],[31,4,31,6],[31,7,31,11],[32,1,32,3],[32,4,32,6],[32,7,32,11],[33,1,33,3],[33,4,33,6],[33,7,33,11],[34,0,34,1],[34,3,34,11],[35,0,35,1],[35,3,35,11],[36,0,36,1],[36,3,36,4],[36,6,36,7]]}
["工程项目招标控制价"]
["工程名称：岳阳城陵矶新港区老管委会屋顶399.6kWp分布式光伏发电项目",null,"标段：","第  1  页、共  1  页"]
["序号","项目名称",null,null,"金额（元）",null,null,"备注"]
["1","分类分项工程量清单",null,null,1553696.08]
["1.1","岳阳城陵矶新港区老管委会屋顶399.6kWp分布式光伏发电项目",null,null,1553696.08]
["1.1.1","发电设备及安装工程",null,null,1553696.08]
["1.1.2","升压站变配电设备及安装工程"]
["1.1.3","控制保护设备及安装工程"]
["1.1.4","其他设备及安装工程"]
["2","设备费"]
["3","措施项目"]
["4","其他项目"]
{"$rows_empty":19}
[null,"投标总报价（一+二+三）",null,null,1553696.08]
[null,"优惠15%（询价主材不优惠）",null,null,71494.4]
[null,"投标总报价（优惠后）",null,null,{"$f":"E32-E33","v":1482201.68}]
[{"$nulls":3},"投标人：______________________(单位盖章)"]
[{"$nulls":3},"法定代表人(或授权代理人)：________(签字)"]
[{"$nulls":3},"2021",null,"年","11",null,"月","21","日"]

{"sheet":"05 分部分项工程量清单与计价表(设备及安装)","index":1,"n_rows":180,"n_cols":26,"rows_kept":180,"merged":[[0,0,0,2],[0,3,0,6],[0,7,0,10],[0,11,0,13],[0,14,0,15],[0,16,0,17],[0,19,0,20],[0,21,0,22],[0,24,0,25],[1,0,1,25],[2,1,2,6],[2,7,2,8],[2,9,2,10],[2,11,2,13],[2,14,2,15],[2,16,2,17],[2,19,2,25],[3,1,3,2],[3,3,3,6],[3,7,3,8],[3,9,3,10],[3,11,3,13],[3,14,3,15],[3,16,3,17],[3,19,3,20],[3,21,3,22],[3,24,3,25],[4,0,4,1],[4,2,4,4],[4,6,4,9],[4,10,4,11],[4,12,4,19],[4,20,4,21],[4,22,4,24],[5,0,5,1],[5,2,5,3],[5,6,5,7],[5,8,5,9],[5,10,5,11],[5,13,5,14],[5,15,5,16],[5,17,5,19],[5,20,5,21],[5,22,5,24],[6,10,6,14],[6,15,6,21],[7,10,7,11],[7,13,7,14],[7,15,7,16],[7,17,7,19],[7,20,7,21],[8,0,8,1],[8,2,8,3],[8,6,8,7],[8,8,8,9],[8,10,8,11],[8,13,8,14],[8,15,8,16],[8,17,8,19],[8,20,8,21],[8,22,8,24],[9,0,9,1],[9,2,9,3],[9,6,9,7],[9,8,9,9],[9,10,9,11],[9,13,9,14],[9,15,9,16],[9,17,9,19],[9,20,9,21],[9,22,9,24],[10,0,10,1],[10,2,10,3],[10,6,10,7],[10,8,10,9],[10,10,10,11],[10,13,10,14],[10,15,10,16],[10,17,10,19],[10,20,10,21],[10,22,10,24],[11,0,11,1],[11,2,11,3],[11,6,11,7],[11,8,11,9],[11,10,11,11],[11,13,11,14],[11,15,11,16],[11,17,11,19],[11,20,11,21],[11,22,11,24],[12,0,12,1],[12,2,12,3],[12,6,12,7],[12,8,12,9],[12,10,12,11],[12,13,12,14],[12,15,12,16],[12,17,12,19],[12,20,12,21],[12,22,12,24],[13,0,13,1],[13,2,13,3],[13,6,13,7],[13,8,13,9],[13,10,13,11],[13,13,13,14],[13,15,13,16],[13,17,13,19],[13,20,13,21],[13,22,13,24],[14,0,14,1],[14,2,14,3],[14,6,14,7],[14,8,14,9],[14,10,14,11],[14,13,14,14],[14,15,14,16],[14,17,14,19],[14,20,14,21],[14,22,14,24],[15,0,15,1],[15,2,15,3],[15,6,15,7],[15,8,15,9],[15,10,15,11],[15,13,15,14],[15,15,15,16],[15,17,15,19],[15,20,15,21],[15,22,15,24],[16,0,16,1],[16,2,16,3],[16,6,16,7],[16,8,16,9],[16,10,16,11],[16,13,16,14],[16,15,16,16],[16,17,16,19],[16,20,16,21],[16,22,16,24],[17,0,17,1],[17,2,17,3],[17,6,17,7],[17,8,17,9],[17,10,17,11],[17,13,17,14],[17,15,17,16],[17,17,17,19],[17,20,17,21],[17,22,17,24],[18,0,18,1],[18,2,18,3],[18,6,18,7],[18,8,18,9],[18,10,18,11],[18,13,18,14],[18,15,18,16],[18,17,18,19],[18,20,18,21],[18,22,18,24],[19,1,19,2],[19,3,19,6],[19,7,19,8],[19,9,19,10],[19,11,19,13],[19,14,19,25],[20,1,20,2],[20,3,20,6],[20,7,20,8],[20,9,20,10],[20,11,20,13],[20,14,20,25],[21,1,21,2],[21,3,21,6],[21,7,21,8],[21,9,21,10],[21,11,21,13],[21,14,21,15],[21,16,21,17],[21,19,21,20],[21,21,21,22],[21,24,21,25],[22,0,22,2],[22,3,22,6],[22,7,22,10],[22,11,22,13],[22,14,22,15],[22,16,22,17],[22,19,22,20],[22,21,22,22],[22,24,22,25],[23,0,23,25],[24,1,24,6],[24,7,24,8],[24,9,24,10],[24,11,24,13],[24,14,24,15],[24,16,24,17],[24,19,24,25],[25,1,25,2],[25,3,25,6],[25,7,25,8],[25,9,25,10],[25,11,25,13],[25,14,25,15],[25,16,25,17],[25,19,25,20],[25,21,25,22],[25,24,25,25],[26,10,26,14],[26,15,26,21],[27,10,27,11],[27,13,27,14],[27,15,27,16],[27,17,27,19],[27,20,27,21],[28,0,28,1],[28,2,28,3],[28,6,28,7],[28,8,28,9],[28,10,28,11],[28,13,28,14],[28,15,28,16],[28,17,28,19],[28,20,28,21],[28,22,28,24],[29,0,29,1],[29,2,29,3],[29,6,29,7],[29,8,29,9],[29,10,29,11],[29,13,29,14],[29,15,29,16],[29,17,29,19],[29,20,29,21],[29,22,29,24],[30,0,30,1],[30,2,30,3],[30,6,30,7],[30,8,30,9],[30,10,30,11],[30,13,30,14],[30,15,30,16],[30,17,30,19],[30,20,30,21],[30,22,30,24],[31,0,31,1],[31,2,31,3],[31,6,31,7],[31,8,31,9],[31,10,31,11],[31,13,31,14],[31,15,31,16],[31,17,31,19],[31,20,31,21],[31,22,31,24],[32,0,32,1],[32,2,32,3],[32,6,32,7],[32,8,32,9],[32,10,32,11],[32,13,32,14],[32,15,32,16],[32,17,32,19],[32,20,32,21],[32,22,32,24],[33,0,33,1],[33,2,33,3],[33,6,33,7],[33,8,33,9],[33,10,33,11],[33,13,33,14],[33,15,33,16],[33,17,33,19],[33,20,33,21],[33,22,33,24],[34,0,34,1],[34,2,34,3],[34,6,34,7],[34,8,34,9],[34,10,34,11],[34,13,34,14],[34,15,34,16],[34,17,34,19],[34,20,34,21],[34,22,34,24],[35,0,35,1],[35,2,35,3],[35,6,35,7],[35,8,35,9],[35,10,35,11],[35,13,35,14],[35,15,35,16],[35,17,35,19],[35,20,35,21],[35,22,35,24],[36,0,36,1],[36,2,36,3],[36,6,36,7],[36,8,36,9],[36,10,36,11],[36,13,36,14],[36,15,36,16],[36,17,36,19],[36,20,36,21],[36,22,36,24],[37,0,37,1],[37,2,37,3],[37,6,37,7],[37,8,37,9],[37,10,37,11],[37,13,37,14],[37,15,37,16],[37,17,37,19],[37,20,37,21],[37,22,37,24],[38,1,38,2],[38,3,38,6],[38,7,38,8],[38,9,38,10],[38,11,38,13],[38,14,38,25],[39,1,39,2],[39,3,39,6],[39,7,39,8],[39,9,39,10],[39,11,39,13],[39,14,39,25],[40,1,40,2],[40,3,40,6],[40,7,40,8],[40,9,40,10],[40,11,40,13],[40,14,40,15],[40,16,40,17],[40,19,40,20],[40,21,40,22],[40,24,40,25],[41,0,41,2],[41,3,41,6],[41,7,41,10],[41,11,41,13],[41,14,41,15],[41,16,41,17],[41,19,41,20],[41,21,41,22],[41,24,41,25],[42,0,42,25],[43,1,43,6],[43,7,43,8],[43,9,43,10],[43,11,43,13],[43,14,43,15],[43,16,43,17],[43,19,43,25],[44,1,44,2],[44,3,44,6],[44,7,44,8],[44,9,44,10],[44,11,44,13],[44,14,44,15],[44,16,44,17],[44,19,44,20],[44,21,44,22],[44,24,44,25],[45,10,45,14],[45,15,45,21],[46,10,46,11],[46,13,46,14],[46,15,46,16],[46,17,46,19],[46,20,46,21],[47,0,47,1],[47,2,47,3],[47,6,47,7],[47,8,47,9],[47,10,47,11],[47,13,47,14],[47,15,47,16],[47,17,47,19],[47,20,47,21],[47,22,47,24],[48,0,48,1],[48,2,48,3],[48,6,48,7],[48,8,48,9],[48,10,48,11],[48,13,48,14],[48,15,48,16],[48,17,48,19],[48,20,48,21],[48,22,48,24],[49,0,49,1],[49,2,49,3],[49,6,49,7],[49,8,49,9],[49,10,49,11],[49,13,49,14],[49,15,49,16],[49,17,49,19],[49,20,49,21],[49,22,49,24],[50,0,50,1],[50,2,50,3],[50,6,50,7],[50,8,50,9],[50,10,50,11],[50,13,50,14],[50,15,50,16],[50,17,50,19],[50,20,50,21],[50,22,50,24],[51,0,51,1],[51,2,51,3],[51,6,51,7],[51,8,51,9],[51,10,51,11],[51,13,51,14],[51,15,51,16],[51,17,51,19],[51,20,51,21],[51,22,51,24],[52,0,52,1],[52,2,52,3],[52,6,52,7],[52,8,52,9],[52,10,52,11],[52,13,52,14],[52,15,52,16],[52,17,52,19],[52,20,52,21],[52,22,52,24],[53,0,53,1],[53,2,53,3],[53,6,53,7],[53,8,53,9],[53,10,53,11],[53,13,53,14],[53,15,53,16],[53,17,53,19],[53,20,53,21],[53,22,53,24],[54,0,54,1],[54,2,54,3],[54,6,54,7],[54,8,54,9],[54,10,54,11],[54,13,54,14],[54,15,54,16],[54,17,54,19],[54,20,54,21],[54,22,54,24],[55,0,55,1],[55,2,55,3],[55,6,55,7],[55,8,55,9],[55,10,55,11],[55,13,55,14],[55,15,55,16],[55,17,55,19],[55,20,55,21],[55,22,55,24],[56,0,56,1],[56,2,56,3],[56,6,56,7],[56,8,56,9],[56,10,56,11],[56,13,56,14],[56,15,56,16],[56,17,56,19],[56,20,56,21],[56,22,56,24],[57,0,57,1],[57,2,57,3],[57,6,57,7],[57,8,57,9],[57,10,57,11],[57,13,57,14],[57,15,57,16],[57,17,57,19],[57,20,57,21],[57,22,57,24],[58,0,58,1],[58,2,58,3],[58,6,58,7],[58,8,58,9],[58,10,58,11],[58,13,58,14],[58,15,58,16],[58,17,58,19],[58,20,58,21],[58,22,58,24],[59,0,59,1],[59,2,59,3],[59,6,59,7],[59,8,59,9],[59,10,59,11],[59,13,59,14],[59,15,59,16],[59,17,59,19],[59,20,59,21],[59,22,59,24],[60,1,60,2],[60,3,60,6],[60,7,60,8],[60,9,60,10],[60,11,60,13],[60,14,60,25],[61,1,61,2],[61,3,61,6],[61,7,61,8],[61,9,61,10],[61,11,61,13],[61,14,61,25],[62,1,62,2],[62,3,62,6],[62,7,62,8],[62,9,62,10],[62,11,62,13],[62,14,62,15],[62,16,62,17],[62,19,62,20],[62,21,62,22],[62,24,62,25],[63,0,63,2],[63,3,63,6],[63,7,63,10],[63,11,63,13],[63,14,63,15],[63,16,63,17],[63,19,63,20],[63,21,63,22],[63,24,63,25],[64,0,64,25],[65,1,65,6],[65,7,65,8],[65,9,65,10],[65,11,65,13],[65,14,65,15],[65,16,65,17],[65,19,65,25],[66,1,66,2],[66,3,66,6],[66,7,66,8],[66,9,66,10],[66,11,66,13],[66,14,66,15],[66,16,66,17],[66,19,66,20],[66,21,66,22],[66,24,66,25],[67,10,67,14],[67,15,67,21],[68,10,68,11],[68,13,68,14],[68,15,68,16],[68,17,68,19],[68,20,68,21],[69,0,69,1],[69,2,69,3],[69,6,69,7],[69,8,69,9],[69,10,69,11],[69,13,69,14],[69,15,69,16],[69,17,69,19],[69,20,69,21],[69,22,69,24],[70,0,70,1],[70,2,70,3],[70,6,70,7],[70,8,70,9],[70,10,70,11],[70,13,70,14],[70,15,70,16],[70,17,70,19],[70,20,70,21],[70,22,70,24],[71,0,71,1],[71,2,71,3],[71,6,71,7],[71,8,71,9],[71,10,71,11],[71,13,71,14],[71,15,71,16],[71,17,71,19],[71,20,71,21],[71,22,71,24],[72,0,72,1],[72,2,72,3],[72,6,72,7],[72,8,72,9],[72,10,72,11],[72,13,72,14],[72,15,72,16],[72,17,72,19],[72,20,72,21],[72,22,72,24],[73,0,73,1],[73,2,73,3],[73,6,73,7],[73,8,73,9],[73,10,73,11],[73,13,73,14],[73,15,73,16],[73,17,73,19],[73,20,73,21],[73,22,73,24],[74,0,74,1],[74,2,74,3],[74,6,74,7],[74,8,74,9],[74,10,74,11],[74,13,74,14],[74,15,74,16],[74,17,74,19],[74,20,74,21],[74,22,74,24],[75,0,75,1],[75,2,75,3],[75,6,75,7],[75,8,75,9],[75,10,75,11],[75,13,75,14],[75,15,75,16],[75,17,75,19],[75,20,75,21],[75,22,75,24],[76,0,76,1],[76,2,76,3],[76,6,76,7],[76,8,76,9],[76,10,76,11],[76,13,76,14],[76,15,76,16],[76,17,76,19],[76,20,76,21],[76,22,76,24],[77,0,77,1],[77,2,77,3],[77,6,77,7],[77,8,77,9],[77,10,77,11],[77,13,77,14],[77,15,77,16],[77,17,77,19],[77,20,77,21],[77,22,77,24],[78,0,78,1],[78,2,78,3],[78,6,78,7],[78,8,78,9],[78,10,78,11],[78,13,78,14],[78,15,78,16],[78,17,78,19],[78,20,78,21],[78,22,78,24],[79,0,79,1],[79,2,79,3],[79,6,79,7],[79,8,79,9],[79,10,79,11],[79,13,79,14],[79,15,79,16],[79,17,79,19],[79,20,79,21],[79,22,79,24],[80,0,80,1],[80,2,80,3],[80,6,80,7],[80,8,80,9],[80,10,80,11],[80,13,80,14],[80,15,80,16],[80,17,80,19],[80,20,80,21],[80,22,80,24],[81,0,81,1],[81,2,81,3],[81,6,81,7],[81,8,81,9],[81,10,81,11],[81,13,81,14],[81,15,81,16],[81,17,81,19],[81,20,81,21],[81,22,81,24],[82,0,82,1],[82,2,82,3],[82,6,82,7],[82,8,82,9],[82,10,82,11],[82,13,82,14],[82,15,82,16],[82,17,82,19],[82,20,82,21],[82,22,82,24],[83,1,83,2],[83,3,83,6],[83,7,83,8],[83,9,83,10],[83,11,83,13],[83,14,83,25],[84,1,84,2],[84,3,84,6],[84,7,84,8],[84,9,84,10],[84,11,84,13],[84,14,84,25],[85,1,85,2],[85,3,85,6],[85,7,85,8],[85,9,85,10],[85,11,85,13],[85,14,85,15],[85,16,85,17],[85,19,85,20],[85,21,85,22],[85,24,85,25],[86,0,86,2],[86,3,86,6],[86,7,86,10],[86,11,86,13],[86,14,86,15],[86,16,86,17],[86,19,86,20],[86,21,86,22],[86,24,86,25],[87,0,87,25],[88,1,88,6],[88,7,88,8],[88,9,88,10],[88,11,88,13],[88,14,88,15],[88,16,88,17],[88,19,88,25],[89,1,89,2],[89,3,89,6],[89,7,89,8],[89,9,89,10],[89,11,89,13],[89,14,89,15],[89,16,89,17],[89,19,89,20],[89,21,89,22],[89,24,89,25],[90,0,90,1],[90,2,90,3],[90,6,90,7],[90,8,90,9],[90,10,90,11],[90,13,90,14],[90,15,90,16],[90,17,90,19],[90,20,90,21],[90,22,90,24],[91,0,91,1],[91,2,91,3],[91,6,91,7],[91,8,91,9],[91,10,91,11],[91,13,91,14],[91,15,91,16],[91,17,91,19],[91,20,91,21],[91,22,91,24],[92,0,92,1],[92,2,92,3],[92,6,92,7],[92,8,92,9],[92,10,92,11],[92,13,92,14],[92,15,92,16],[92,17,92,19],[92,20,92,21],[92,22,92,24],[93,0,93,1],[93,2,93,3],[93,6,93,7],[93,8,93,9],[93,10,93,11],[93,13,93,14],[93,15,93,16],[93,17,93,19],[93,20,93,21],[93,22,93,24],[94,0,94,1],[94,2,94,3],[94,6,94,7],[94,8,94,9],[94,10,94,11],[94,13,94,14],[94,15,94,16],[94,17,94,19],[94,20,94,21],[94,22,94,24],[95,0,95,1],[95,2,95,3],[95,6,95,7],[95,8,95,9],[95,10,95,11],[95,13,95,14],[95,15,95,16],[95,17,95,19],[95,20,95,21],[95,22,95,24],[96,0,96,1],[96,2,96,3],[96,6,96,7],[96,8,96,9],[96,10,96,11],[96,13,96,14],[96,15,96,16],[96,17,96,19],[96,20,96,21],[96,22,96,24],[97,0,97,1],[97,2,97,3],[97,6,97,7],[97,8,97,9],[97,10,97,11],[97,13,97,14],[97,15,97,16],[97,17,97,19],[97,20,97,21],[97,22,97,24],[98,0,98,1],[98,2,98,3],[98,6,98,7],[98,8,98,9],[98,10,98,11],[98,13,98,14],[98,15,98,16],[98,17,98,19],[98,20,98,21],[98,22,98,24],[99,0,99,1],[99,2,99,3],[99,6,99,7],[99,8,99,9],[99,10,99,11],[99,13,99,14],[99,15,99,16],[99,17,99,19],[99,20,99,21],[99,22,99,24],[100,0,100,1],[100,2,100,3],[100,6,100,7],[100,8,100,9],[100,10,100,11],[100,13,100,14],[100,15,100,16],[100,17,100,19],[100,20,100,21],[100,22,100,24],[101,0,101,1],[101,2,101,3],[101,6,101,7],[101,8,101,9],[101,10,101,11],[101,13,101,14],[101,15,101,16],[101,17,101,19],[101,20,101,21],[101,22,101,24],[102,0,102,1],[102,2,102,3],[102,6,102,7],[102,8,102,9],[102,10,102,11],[102,13,102,14],[102,15,102,16],[102,17,102,19],[102,20,102,21],[102,22,102,24],[103,0,103,1],[103,2,103,3],[103,6,103,7],[103,8,103,9],[103,10,103,11],[103,13,103,14],[103,15,103,16],[103,17,103,19],[103,20,103,21],[103,22,103,24],[104,0,104,1],[104,2,104,3],[104,6,104,7],[104,8,104,9],[104,10,104,11],[104,13,104,14],[104,15,104,16],[104,17,104,19],[104,20,104,21],[104,22,104,24],[105,0,105,1],[105,2,105,3],[105,6,105,7],[105,8,105,9],[105,10,105,11],[105,13,105,14],[105,15,105,16],[105,17,105,19],[105,20,105,21],[105,22,105,24],[106,0,106,1],[106,2,106,3],[106,6,106,7],[106,8,106,9],[106,10,106,11],[106,13,106,14],[106,15,106,16],[106,17,106,19],[106,20,106,21],[106,22,106,24],[107,0,107,1],[107,2,107,3],[107,6,107,7],[107,8,107,9],[107,10,107,11],[107,13,107,14],[107,15,107,16],[107,17,107,19],[107,20,107,21],[107,22,107,24],[108,1,108,2],[108,3,108,6],[108,7,108,8],[108,9,108,10],[108,11,108,13],[108,14,108,25],[109,1,109,2],[109,3,109,6],[109,7,109,8],[109,9,109,10],[109,11,109,13],[109,14,109,25],[110,1,110,2],[110,3,110,6],[110,7,110,8],[110,9,110,10],[110,11,110,13],[110,14,110,15],[110,16,110,17],[110,19,110,20],[110,21,110,22],[110,24,110,25],[111,0,111,2],[111,3,111,6],[111,7,111,10],[111,11,111,13],[111,14,111,15],[111,16,111,17],[111,19,111,20],[111,21,111,22],[111,24,111,25],[112,0,112,25],[113,1,113,6],[113,7,113,8],[113,9,113,10],[113,11,113,13],[113,14,113,15],[113,16,113,17],[113,19,113,25],[114,1,114,2],[114,3,114,6],[114,7,114,8],[114,9,114,10],[114,11,114,13],[114,14,114,15],[114,16,114,17],[114,19,114,20],[114,21,114,22],[114,24,114,25],[115,0,115,1],[115,2,115,4],[115,6,115,9],[115,10,115,11],[115,12,115,19],[115,20,115,21],[115,22,115,24],[116,0,116,1],[116,2,116,3],[116,6,116,7],[116,8,116,9],[116,10,116,11],[116,13,116,14],[116,15,116,16],[116,17,116,19],[116,20,116,21],[116,22,116,24],[117,10,117,14],[117,15,117,21],[118,10,118,11],[118,13,118,14],[118,15,118,16],[118,17,118,19]],"merged_total":1585,"flags":["merged_cut"]}
[]
["分部分项工程量清单与计价表"]
["工 程 名 称：","岳阳城陵矶新港区老管委会屋顶399.6kWp分布式光伏发电项目",{"$nulls":7},"标       段：",{"$nulls":9},"第  1  页、共  8  页"]
["  "]
["组       号：",null,"1",{"$nulls":7},"分 组 名 称：",null,"发电设备及安装工程"]
[]
["项目编号",null,"项目编码",null,"项目名称","主要项目特征","单位",null,"工作量",null,"单价（元）",{"$nulls":4},"合价（元）",{"$nulls":6},"购买方",null,null,"备注"]
[{"$nulls":10},"设备价",null,"安装价","小计",null,"设备价",null,"安装价",null,null,"小计"]
["1.1",null,"1",null,"光伏发电设备及安装",{"$nulls":7},1553696.08,1553696.08,{"$nulls":3},1553696.08,null,null,1553696.08]
["1.1.1",{"$nulls":3},"组件","540wp","块",null,740,{"$nulls":3},1231.61,1231.61,{"$nulls":3},911391.4,null,null,911391.4]
["1.1.2",{"$nulls":3},"逆变器","60kW","台",null,1,{"$nulls":3},12560.92,12560.92,{"$nulls":3},12560.92,null,null,12560.92]
["1.1.3",{"$nulls":3},"逆变器","100kW","台",null,3,{"$nulls":3},21552.54,21552.54,{"$nulls":3},64657.62,null,null,64657.62]
["1.1.4",{"$nulls":3},"汇流箱",null,"台",null,1,{"$nulls":3},3752.15,3752.15,{"$nulls":3},3752.15,null,null,3752.15]
["1.1.5",{"$nulls":3},"计量并网柜","GGD","台",null,1,{"$nulls":3},30048.97,30048.97,{"$nulls":3},30048.97,null,null,30048.97,{"$nulls":4},"户外，加防水金属外壳"]
["1.1.6",{"$nulls":3},"光伏直流电缆","PV1-F-1*4","米",null,2000,{"$nulls":3},6.34,6.34,{"$nulls":3},12680,null,null,12680]
["1.1.7",{"$nulls":3},"交流电缆","ZRC-YJV22-0.6/1kV-3*35+1*16","米",null,240,{"$nulls":3},83.98,83.98,{"$nulls":3},20155.2,null,null,20155.2]
["1.1.8",{"$nulls":3},"交流电缆","ZRC-YJV-0.6/1kV-3*70+1*35","米",null,130,{"$nulls":3},154.54,154.54,{"$nulls":3},20090.2,null,null,20090.2]
["1.1.9",{"$nulls":3},"交流电缆","ZRC-YJV22-0.6/1-3*150+1*70","米",null,230,{"$nulls":3},320.15,320.15,{"$nulls":3},73634.5,null,null,73634.5]
["1.1.10",{"$nulls":3},"交流电缆","ZRC-YJV22-0.6/1-3*185+1*95","米",null,20,{"$nulls":3},385.57,385.57,{"$nulls":3},7711.4,null,null,7711.4]
[{"$nulls":14},"投标人：______________________(单位盖章)"]
[{"$nulls":14},"法定代表人(或授权代理人)：________(签字)"]
[{"$nulls":14},"2021",null,"年",null,"11","月",null,"21",null,"日"]
[]
["分部分项工程量清单与计价表"]
["工 程 名 称：","岳阳城陵矶新港区老管委会屋顶399.6kWp分布式光伏发电项目",{"$nulls":7},"标       段：",{"$nulls":9},"第  2  页、共  8  页"]
["  "]
["项目编号",null,"项目编码",null,"项目名称","主要项目特征","单位",null,"工作量",null,"单价（元）",{"$nulls":4},"合价（元）",{"$nulls":6},"购买方",null,null,"备注"]
[{"$nulls":10},"设备价",null,"安装价","小计",null,"设备价",null,"安装价",null,null,"小计"]
["1.1.11",{"$nulls":3},"电缆终端","3*70+1*35，冷缩，铜，户外","套",null,3,{"$nulls":3},413.94,413.94,{"$nulls":3},1241.82,null,null,1241.82]
["1.1.12",{"$nulls":3},"电缆终端","3*70+1*35，冷缩，铜，户内","套",null,3,{"$nulls":3},413.94,413.94,{"$nulls":3},1241.82,null,null,1241.82]
["1.1.13",{"$nulls":3},"电缆终端","3*35+1*16，冷缩，铜，户外","套",null,1,{"$nulls":3},318.43,318.43,{"$nulls":3},318.43,null,null,318.43]
["1.1.14",{"$nulls":3},"电缆终端","3*35+1*16，冷缩，铜，户内","套",null,1,{"$nulls":3},307.53,307.53,{"$nulls":3},307.53,null,null,307.53]
["1.1.15",{"$nulls":3},"电缆终端","3*150+1*70，冷缩，铜，户内","套",null,4,{"$nulls":3},601.99,601.99,{"$nulls":3},2407.96,null,null,2407.96]
["1.1.16",{"$nulls":3},"电缆终端","3*185+1*95，冷缩，铜，户内","套",null,4,{"$nulls":3},601.99,601.99,{"$nulls":3},2407.96,null,null,2407.96]
["1.1.17",{"$nulls":3},"通信电缆","1.名称:通信电缆\n2.型号:ZR-RVSP-2P*1.0","米",null,500,{"$nulls":3},9.31,9.31,{"$nulls":3},4655,null,null,4655]
["1.1.18",{"$nulls":3},"黄绿接地线","1.名称:黄绿接地线\n2.型号:BVR-1*4","条",null,400,{"$nulls":3},6.25,6.25,{"$nulls":3},2500,null,null,2500]
["1.1.20",{"$nulls":3},"黄绿接地线","1.BVR1*16","条",null,150,{"$nulls":3},14.33,14.33,{"$nulls":3},2149.5,null,null,2149.5]
["1.1.21",{"$nulls":3},"直流电缆桥架","铝合金桥架，100*100*1.0","米",null,250,{"$nulls":3},72.66,72.66,{"$nulls":3},18165,null,null,18165]
[{"$nulls":14},"投标人：______________________(单位盖章)"]
[{"$nulls":14},"法定代表人(或授权代理人)：________(签字)"]
[{"$nulls":14},"2021",null,"年",null,"11","月",null,"21",null,"日"]
[]
["分部分项工程量清单与计价表"]
["工 程 名 称：","岳阳城陵矶新港区老管委会屋顶399.6kWp分布式光伏发电项目",{"$nulls":7},"标       段：",{"$nulls":9},"第  3  页、共  8  页"]
["  "]
["项目编号",null,"项目编码",null,"项目名称","主要项目特征","单位",null,"工作量",null,"单价（元）",{"$nulls":4},"合价（元）",{"$nulls":6},"购买方",null,null,"备注"]
[{"$nulls":10},"设备价",null,"安装价","小计",null,"设备价",null,"安装价",null,null,"小计"]
["1.1.22",{"$nulls":3},"交流电缆桥架","铝合金桥架，100*100*1.0","米",null,100,{"$nulls":3},72.66,72.66,{"$nulls":3},7266,null,null,7266]
["1.1.23",{"$nulls":3},"接地扁钢","热镀锌扁钢-40*4","米",null,700,{"$nulls":3},14.95,14.95,{"$nulls":3},10465,null,null,10465]
["1.1.24",{"$nulls":3},"水泥墩","1.水泥墩D500*250","个",null,775,{"$nulls":3},39.18,39.18,{"$nulls":3},30364.5,null,null,30364.5]
["1.1.25",{"$nulls":3},"U型预埋件","1.名称:u型预埋件","个",null,775,{"$nulls":3},31.36,31.36,{"$nulls":3},24304,null,null,24304]
["1.1.26",{"$nulls":3},"M12螺母","1.名称:M12螺母","套",null,775,{"$nulls":3},21.8,21.8,{"$nulls":3},16895,null,null,16895]
["1.1.27",{"$nulls":3},"底座","1.名称:底座","个",null,775,{"$nulls":3},27.25,27.25,{"$nulls":3},21118.75,null,null,21118.75]
["1.1.28",{"$nulls":3},"L型直角/三角连接","1.名称:L型直角/三角连接","个",null,775,{"$nulls":3},10.9,10.9,{"$nulls":3},8447.5,null,null,8447.5]
["1.1.29",{"$nulls":3},"10*70镀锌螺丝","1.名称:镀锌螺丝\n2.型号:10*70","套",null,775,{"$nulls":3},10.9,10.9,{"$nulls":3},8447.5,null,null,8447.5]
["1.1.30",{"$nulls":3},"M10*30加塑母","1.名称:加塑母\n2.型号:M10*30","套",null,1400,{"$nulls":3},10.9,10.9,{"$nulls":3},15260,null,null,15260]
["1.1.31",null,"1.1.1.3",null,"固定支架","1.名称:支架\n2.型号:立柱、斜梁、横梁","t",null,7.0611,{"$nulls":3},13099.02,13099.02,{"$nulls":3},92493.49,null,null,92493.49]
["1.1.35",{"$nulls":3},"C钢直连接",null,"个",null,775,{"$nulls":3},25.11,25.11,{"$nulls":3},19460.25,null,null,19460.25]
["1.1.38",{"$nulls":3},"边压块",null,"个",null,280,{"$nulls":3},10.9,10.9,{"$nulls":3},3052,null,null,3052]
["1.1.39",{"$nulls":3},"中压块","20*50","个",null,1400,{"$nulls":3},10.9,10.9,{"$nulls":3},15260,null,null,15260]
[{"$nulls":14},"投标人：______________________(单位盖章)"]
[{"$nulls":14},"法定代表人(或授权代理人)：________(签字)"]
[{"$nulls":14},"2021",null,"年",null,"11","月",null,"21",null,"日"]
[]
["分部分项工程量清单与计价表"]
["工 程 名 称：","岳阳城陵矶新港区老管委会屋顶399.6kWp分布式光伏发电项目",{"$nulls":7},"标       段：",{"$nulls":9},"第  4  页、共  8  页"]
["  "]
["项目编号",null,"项目编码",null,"项目名称","主要项目特征","单位",null,"工作量",null,"单价（元）",{"$nulls":4},"合价（元）",{"$nulls":6},"购买方",null,null,"备注"]
[{"$nulls":10},"设备价",null,"安装价","小计",null,"设备价",null,"安装价",null,null,"小计"]
["1.1.40",{"$nulls":3},"镀锌角钢",null,"根",null,200,{"$nulls":3},81.62,81.62,{"$nulls":3},16324,null,null,16324]
["1.1.41",{"$nulls":3},"PPR冷水管",null,"米",null,400,{"$nulls":3},18.23,18.23,{"$nulls":3},7292,null,null,7292]
["1.1.42",{"$nulls":3},"钢支架",null,"米",null,100,{"$nulls":3},143.54,143.54,{"$nulls":3},14354,null,null,14354]
["1.1.43",{"$nulls":3},"10千伏计量表计","双向计量","套",null,1,{"$nulls":3},3270,3270,{"$nulls":3},3270,null,null,3270]
["1.1.45",{"$nulls":3},"电缆埋管2孔","PVC100","米",null,117,{"$nulls":3},132.38,132.38,{"$nulls":3},15488.46,null,null,15488.46]
["1.1.47",{"$nulls":3},"电缆埋管4孔","PVC100","米",null,73,{"$nulls":3},223.24,223.24,{"$nulls":3},16296.52,null,null,16296.52]
["1.1.49",{"$nulls":3},"电缆工作井(直线井)",null,"个",null,3,{"$nulls":3},902.51,902.51,{"$nulls":3},2707.53,null,null,2707.53]
["1.1.50",{"$nulls":3},"电缆工作井(转角井)",null,"个",null,3,{"$nulls":3},3715.8,3715.8,{"$nulls":3},11147.4,null,null,11147.4]
["1.1.51",{"$nulls":3},"防火涂料",null,"kg",null,40,{"$nulls":3},33.62,33.62,{"$nulls":3},1344.8,null,null,1344.8]
["1.1.52",{"$nulls":3},"防火泥",null,"kg",null,40,{"$nulls":3},14,14,{"$nulls":3},560,null,null,560]
["1.2",null,"2",null,"汇流及变配电设备及安装"]
["1.3",null,"3",null,"集电线路"]
["1.4",null,"4",null,"接地"]
["1.5",null,"5",null,"分系统调试"]
[{"$nulls":14},"投标人：______________________(单位盖章)"]
[{"$nulls":14},"法定代表人(或授权代理人)：________(签字)"]
[{"$nulls":14},"2021",null,"年",null,"11","月",null,"21",null,"日"]
[]
["分部分项工程量清单与计价表"]
["工 程 名 称：","岳阳城陵矶新港区老管委会屋顶399.6kWp分布式光伏发电项目",{"$nulls":7},"标       段：",{"$nulls":9},"第  5  页、共  8  页"]
["  "]
{"$rows_empty":17}
[{"$nulls":4},"合计",{"$nulls":15},1553696.08]
[{"$nulls":14},"投标人：______________________(单位盖章)"]
[{"$nulls":14},"法定代表人(或授权代理人)：________(签字)"]
[{"$nulls":14},"2021",null,"年",null,"11","月",null,"21",null,"日"]
[]
["分部分项工程量清单与计价表"]
["工 程 名 称：","岳阳城陵矶新港区老管委会屋顶399.6kWp分布式光伏发电项目",{"$nulls":7},"标       段：",{"$nulls":9},"第  6  页、共  8  页"]
["  "]
["组       号：",null,"2",{"$nulls":7},"分 组 名 称：",null,"升压站变配电设备及安装工程"]
[]
["项目编号",null,"项目编码",null,"项目名称","主要项目特征","单位",null,"工作量",null,"单价（元）",{"$nulls":4},"合价（元）",{"$nulls":6},"购买方",null,null,"备注"]
[{"$nulls":10},"设备价",null,"安装价","小计",null,"设备价",null,"安装价",null,null,"小计"]
["2.1",null,"1",null,"主变压器设备及安装"]
["2.2",null,"2",null,"配电装置设备及安装"]
["2.3",null,"3",null,"无功补偿系统设备及安装"]
["2.4",null,"4",null,"站用电设备及安装"]
["2.5",null,"5",null,"电力电缆敷设"]
["2.6",null,"6",null,"接地"]
["2.7",null,"7",null,"分系统调试"]
["2.8",null,"8",null,"整套系统启动调试"]
[]
[]
[]
[]
[{"$nulls":4},"合计"]
[{"$nulls":14},"投标人：______________________(单位盖章)"]
[{"$nulls":14},"法定代表人(或授权代理人)：________(签字)"]
[{"$nulls":14},"2021",null,"年",null,"11","月",null,"21",null,"日"]
[]
["分部分项工程量清单与计价表"]
["工 程 名 称：","岳阳城陵矶新港区老管委会屋顶399.6kWp分布式光伏发电项目",{"$nulls":7},"标       段：",{"$nulls":9},"第  7  页、共  8  页"]
["  "]
["组       号：",null,"3",{"$nulls":7},"分 组 名 称：",null,"控制保护设备及安装工程"]
[]
["项目编号",null,"项目编码",null,"项目名称","主要项目特征","单位",null,"工作量",null,"单价（元）",{"$nulls":4},"合价（元）",{"$nulls":6},"购买方",null,null,"备注"]
[{"$nulls":10},"设备价",null,"安装价","小计",null,"设备价",null,"安装价",null,null,"小计"]
["3.1",null,"1",null,"监控（监测）系统设备及安装"]
["3.2",null,"2",null,"保护设备及安装"]
["3.3",null,"3",null,"不停电电源系统设备及安装"]
["3.4",null,"4",null,"通信系统设备及安装"]
["3.5",null,"5",null,"调度自动化设备及电量计量系统设备及安装"]
["3.6",null,"6",null,"光功率预测系统设备及安装"]
["3.7",null,"7",null,"光缆及电缆敷设"]
["3.8",null,"8",null,"分系统调试"]
["3.9",null,"9",null,"整套系统启动调试"]
[]
[]
[{"$nulls":4},"合计"]
[{"$nulls":14},"投标人：______________________(单位盖章)"]
[{"$nulls":14},"法定代表人(或授权代理人)：________(签字)"]
[{"$nulls":14},"2021",null,"年",null,"11","月",null,"21",null,"日"]
[]
["分部分项工程量清单与计价表"]
["工 程 名 称：","岳阳城陵矶新港区老管委会屋顶399.6kWp分布式光伏发电项目",{"$nulls":7},"标       段：",{"$nulls":9},"第  8  页、共  8  页"]
["  "]
["组       号：",null,"4",{"$nulls":7},"分 组 名 称：",null,"其他设备及安装工程"]
[]
["项目编号",null,"项目编码",null,"项目名称","主要项目特征","单位",null,"工作量",null,"单价（元）",{"$nulls":4},"合价（元）",{"$nulls":6},"购买方",null,null,"备注"]
[{"$nulls":10},"设备价",null,"安装价","小计",null,"设备价",null,"安装价",null,null,"小计"]
["4.1",null,"1",null,"采暖通风系统设备及安装"]
["4.2",null,"2",null,"消防系统设备及安装"]
["4.3",null,"3",null,"给排水系统设备及安装"]
["4.4",null,"4",null,"劳动安全与工业卫生设备及安装"]
["4.5",null,"5",null,"环境保护及水土保持设备及安装"]
["4.6",null,"6",null,"生产车辆"]
["4.7",null,"7",null,"柴油发电机"]
["4.8",null,"8",null,"接入系统配套设备及安装"]
["4.9",null,"9",null,"光伏电站运行管理信息系统设备及安装"]
["4.10",null,"10",null,"室外照明设备及安装"]
[{"$nulls":4},"合计"]
[{"$nulls":14},"投标人：______________________(单位盖章)"]
[{"$nulls":14},"法定代表人(或授权代理人)：________(签字)"]
[{"$nulls":14},"2021",null,"年",null,"11","月",null,"21",null,"日"]

{"sheet":"15 工程单价费(税)率汇总表","index":2,"n_rows":33,"n_cols":18,"rows_kept":33,"merged":[[0,0,0,17],[1,0,1,2],[1,3,1,4],[1,5,1,17],[2,0,3,0],[2,1,3,1],[2,2,2,15],[2,16,3,17],[3,2,3,3],[3,4,3,5],[3,6,3,9],[3,10,3,12],[3,13,3,15],[4,2,4,3],[4,4,4,5],[4,6,4,9],[4,10,4,12],[4,13,4,15],[4,16,4,17],[5,2,5,3],[5,4,5,5],[5,6,5,9],[5,10,5,12],[5,13,5,15],[5,16,5,17],[6,2,6,3],[6,4,6,5],[6,6,6,9],[6,10,6,12],[6,13,6,15],[6,16,6,17],[7,2,7,3],[7,4,7,5],[7,6,7,9],[7,10,7,12],[7,13,7,15],[7,16,7,17],[8,2,8,3],[8,4,8,5],[8,6,8,9],[8,10,8,12],[8,13,8,15],[8,16,8,17],[9,2,9,3],[9,4,9,5],[9,6,9,9],[9,10,9,12],[9,13,9,15],[9,16,9,17],[10,2,10,3],[10,4,10,5],[10,6,10,9],[10,10,10,12],[10,13,10,15],[10,16,10,17],[11,2,11,3],[11,4,11,5],[11,6,11,9],[11,10,11,12],[11,13,11,15],[11,16,11,17],[12,2,12,3],[12,4,12,5],[12,6,12,9],[12,10,12,12],[12,13,12,15],[12,16,12,17],[13,2,13,3],[13,4,13,5],[13,6,13,9],[13,10,13,12],[13,13,13,15],[13,16,13,17],[14,2,14,3],[14,4,14,5],[14,6,14,9],[14,10,14,12],[14,13,14,15],[14,16,14,17],[15,2,15,3],[15,4,15,5],[15,6,15,9],[15,10,15,12],[15,13,15,15],[15,16,15,17],[16,2,16,3],[16,4,16,5],[16,6,16,9],[16,10,16,12],[16,13,16,15],[16,16,16,17],[17,2,17,3],[17,4,17,5],[17,6,17,9],[17,10,17,12],[17,13,17,15],[17,16,17,17],[18,2,18,3],[18,4,18,5],[18,6,18,9],[18,10,18,12],[18,13,18,15],[18,16,18,17],[19,2,19,3],[19,4,19,5],[19,6,19,9],[19,10,19,12],[19,13,19,15],[19,16,19,17],[20,2,20,3],[20,4,20,5],[20,6,20,9],[20,10,20,12],[20,13,20,15],[20,16,20,17],[21,2,21,3],[21,4,21,5],[21,6,21,9],[21,10,21,12],[21,13,21,15],[21,16,21,17],[22,2,22,3],[22,4,22,5],[22,6,22,9],[22,10,22,12],[22,13,22,15],[22,16,22,17],[23,2,23,3],[23,4,23,5],[23,6,23,9],[23,10,23,12],[23,13,23,15],[23,16,23,17],[24,2,24,3],[24,4,24,5],[24,6,24,9],[24,10,24,12],[24,13,24,15],[24,16,24,17],[25,2,25,3],[25,4,25,5],[25,6,25,9],[25,10,25,12],[25,13,25,15],[25,16,25,17],[26,2,26,3],[26,4,26,5],[26,6,26,9],[26,10,26,12],[26,13,26,15],[26,16,26,17],[27,2,27,3],[27,4,27,5],[27,6,27,9],[27,10,27,12],[27,13,27,15],[27,16,27,17],[28,2,28,3],[28,4,28,5],[28,6,28,9],[28,10,28,12],[28,13,28,15],[28,16,28,17],[29,2,29,3],[29,4,29,5],[29,6,29,9],[29,10,29,12],[29,13,29,15],[29,16,29,17],[30,0,30,2],[30,3,30,4],[30,5,30,6],[30,9,30,17],[31,0,31,2],[31,3,31,4],[31,5,31,6],[31,9,31,17],[32,0,32,2],[32,3,32,4],[32,5,32,6],[32,9,32,10],[32,12,32,13],[32,15,32,16]]}
["工程单价费（税）率汇总表"]
["工程名称：岳阳城陵矶新港区老管委会屋顶399.6kWp分布式光伏发电项目",null,null,"标段：",null,"第 1 页、共 1 页"]
["序号","工程类别","工程单价费（税）率（%）",{"$nulls":13},"备注"]
[null,null,"其他直接费",null,"其他费用",null,"间接费",{"$nulls":3},"利润",null,null,"税金"]
["一","建筑工程"]
["1","01 土方工程",{"$nulls":4},23.86,{"$nulls":3},7,null,null,9]
["2","03 混凝土工程",{"$nulls":4},62.76,{"$nulls":3},7,null,null,9]
["3","06 砌体砌筑工程",{"$nulls":4},50.9,{"$nulls":3},7,null,null,9]
["二","安装工程"]
["1","07 设备安装工程",{"$nulls":4},139.78,{"$nulls":3},7,null,null,9]
["2","07 设备安装工程_1",{"$nulls":8},7,null,null,9]
{"$rows_empty":19}
[{"$nulls":9},"投标人：______________________(单位盖章)"]
[{"$nulls":9},"法定代表人(或授权代理人)：________(签字)"]
[{"$nulls":9},"2021",null,"年","11",null,"月","21",null,"日"]